000 01156naa a22003137a 4500
001 BR8003546
003 BR-BrBNA
005 20240918174621.0
007 ta
008 230509b bl.||||| |||| 00| 0 por d
040 _aBR-BrBNA
_bpor
_cBiblioteca Nacional de Agricultura
041 _a(Pt)
072 _aP05; E15
_b8961
_bG514
090 _aP05 BR8003546
100 1 _aRodrigues, R.A.
111 1 _a1. Encontro Tecnico de Alcoolquimica
_cSao Paulo, SP (Brazil)
_dApr 1980
245 1 _aProducao de eteno a partir do etanol [Alcool; Custo de producao; Investimento; Industrializacao; Brasil]
_bAvaliacao dos processos
260 3 _aBrasilia, DF (Brasil):
_c1980.
500 _aAlcoolquimica Brasilia, DF (Brasil): 1980. p. 17-48 (BR8003546-AM)P05
650 _aALCOOL
650 _aETANOL
650 _aCUSTO DE PRODUCAO
650 _aINVESTIMENTO
650 _aINDUSTRIALIZACAO
650 _aQUIMICA
773 0 _tAlcoolquimica [Cana de acucar; Saccharum spp; Mandioca; Manihot esculenta; Industrializacao; Brasil]
_w8961 BR8003544
_gBrasilia, DF (Brasil), 1980.
_q106 p.
909 _a202404
_bLucia
_c55
_dLucia Elande
942 _cAM
_2AGRIS
999 _c312369
_d312369